Солдаты победы. Т. 2: [Город Ульяновск (Запись № 1531230)

Подробности
000 -МАРКЕР
контрольное поле 01553nam2a2200301 4500
001 - ИДЕНТИФИКАТОР ЗАПИСИ
контрольное поле RU\NLR\bibl\870941
005 - ИДЕНТИФИКАТОР ВЕРСИИ
контрольное поле 20260405090608.0
010 ## - МЕЖДУНАРОДНЫЙ СТАНДАРТНЫЙ НОМЕР КНИГИ (ISBN)
Номер (ISBN) 5-8426-0121-4
Тираж 1500
021 ## - НОМЕР ГОСУДАРСТВЕННОЙ РЕГИСТРАЦИИ
Код страны российская федерация
Номер 2005-43056
Номер Листа государственной регистраци 2125
035 ## - ДРУГИЕ СИСТЕМНЫЕ НОМЕРА
Идентификатор записи (NLR Aleph) 000859561
100 ## - ДАННЫЕ ОБЩЕЙ ОБРАБОТКИ
Данные общей обработки 20051111d2005 |||y0rusy50 ca
101 0# - ЯЗЫК РЕСУРСА
Язык текста, звукозаписи и т.д. русский
102 ## - СТРАНА ПУБЛИКАЦИИ ИЛИ ПРОИЗВОДСТВА
Страна публикации российская федерация
105 ## - ПОЛЕ КОДИРОВАННЫХ ДАННЫХ: ТЕКСТОВЫЕ МАТЕРИАЛЫ, МОНОГРАФИЧЕСКИЕ
Кодированные данные о монографическом текстовом документе a |||||||||
200 1# - ЗАГЛАВИЕ И СВЕДЕНИЯ ОБ ОТВЕТСТВЕННОСТИ
Основное заглавие [Город Ульяновск
Сведения, относящиеся к заглавию М - Я
-- памятная книга
Первые сведения об ответственности сост.: Ю.А. Пауткин]
Последующие сведения об ответственности редкол.: С.И. Морозов [и др.]
210 ## - ПУБЛИКАЦИЯ, РАСПРОСТРАНЕНИЕ И ДР.
Дата издания, распространения и т.д. 2005
Место издания, распространения и т.д. Б. м.
215 ## - ФИЗИЧЕСКАЯ ХАРАКТЕРИСТИКА
Специфическое обозначение материала и объем 428,[40] с.
Другие сведения о физической характеристике ил., цв. ил., портр.
Размеры 30
225 1# - СЕРИЯ
Основное заглавие серии Назовем поименно
320 ## - ПРИМЕЧАНИЯ О НАЛИЧИИ В ДОКУМЕНТЕ БИБЛИОГРАФИИ / УКАЗАТЕЛЯ
Текст примечания Библиогр. в тексте
461 #0 - УРОВЕНЬ НАБОРА
Встроенное поле 001RU\NLR\bibl\844553
-- 2001#$aСолдаты победы$vТ. 2
Системный номер (АБИС) связанной записи 1374715
Место публикации Ульяновск
Дата публикации 2004
Первые сведения об ответственности редкол.: В. А. Шаманов (пред.) [и др.]
Имя издателя, распространителя и т.д. Симбирская книга
Сведения, относящиеся к заглавию именной список участников Великой Отечественной войны 1941-1945 гг., вернувшихся с победой : Рос. Федерация, Ульян. обл.
Заглавие Солдаты победы
Номер тома Т. 2
702 #1 - ИМЯ ЛИЦА - ВТОРИЧНАЯ ОТВЕТСТВЕННОСТЬ
Код отношения Редактор
Материалы, к которым относится поле rus
Графика поля Кириллица
Начальный элемент ввода Морозов
Часть имени, кроме начального элемента ввода С. И.
Дополнения к именам, кроме дат канд. экон. наук, обществ. деятель
Даты 1959-
Расширение инициалов личного имени Сергей Иванович
Идентификатор авторитетной/нормативной записи RU\NLR\auth\7732228
Системный номер авторитетной/нормативной записи 15237
702 #1 - ИМЯ ЛИЦА - ВТОРИЧНАЯ ОТВЕТСТВЕННОСТЬ
Начальный элемент ввода Паутин
Часть имени, кроме начального элемента ввода Ю. А.
Код отношения Составитель
801 #0 - ИСТОЧНИК ЗАПИСИ
Страна российская федерация
Организация NLR
Дата составления 20051111
Правила каталогизации rcr
801 #1 - ИСТОЧНИК ЗАПИСИ
Страна российская федерация
Организация NLR
Дата составления 20051111
942 ## - ДОПОЛНИТЕЛЬНЫЕ ЭЛЕМЕНТЫ ЗАПИСИ (АБИС)
Тип экземпляра АБИС Книга
980 ## - КОЛЛЕКЦИЯ
Название коллекции Национальная библиография
Экземпляры
Тип экземпляра Дата поступления Источник поступления Библиотека постоянного хранения Библиотека текущего хранения Место хранения Шифр хранения Штрих-код Статус не для выдачи
Книга 11.11.2005 Обязательный экземпляр РНБ (Московский) РНБ (Московский) Центральная справочная библиотека С 2005-5/49 1-744023  
Книга 11.11.2005 Обязательный экземпляр РНБ (Московский) РНБ (Московский) Центральная справочная библиотека С 2005-5/49 1-744019